Best Small Forwards NBA 2024 - Statistics

General Stats
  • This quiz has been taken 182 times
  • The average score is 13 of 15
Answer Stats
# Team Answer % Correct
1 Lakers LeBron James
100%
2 Celtics Jayson Tatum
99%
4 Clippers Kawhi Leonard
98%
3 Heat Jimmy Butler
97%
7 Pelicans Brandon Ingram
92%
8 Bucks Khris Middleton
92%
10 Bulls Zach LaVine
90%
9 Wizards Kyle Kuzma
89%
5 Jazz Lauri Markkanen
88%
6 Raptors Scottie Barnes
85%
13 Nuggets Michael Porter Jr.
80%
12 Magic Franz Wagner
78%
14 76ers Tobias Harris
76%
11 Knicks RJ Barrett
55%
15 Pistons Bojan Bogdanovic
47%
No matching quizzes found
Score Distribution
Percent of People with Each Score
Percentile by Number Answered
Your Score History
You have not taken this quiz